000 01079nas a2200325 i 4500
001 1332
003 ES-MaACL
005 20250814062552.0
007 t|
008 950801c1838 xxkt| | 1 ||ng d
022 _a0964-1998
080 _a(410)
080 _a31
245 0 0 _aJournal of the Royal Statistical Society:
_bSeries A: Statistics in Society /
_cRoyal Statistical Society.
260 _aLondon :
_bThe Royal Statistical Society,
_c1838.
300 _a12 v. ;
_c25 cm.
310 _aCuatrimestral,
_bHasta 2003
321 _aTrimestral,
_b2004-
362 0 _aN. 1 (1838)
500 _aDescripción basada en : V. 154. part 1, 1991.
650 1 4 _aEstadística.
_912520
650 4 _aInstituciones científicas y diversas
_913829
710 2 _aRoyal Statistical Society.
_96470
852 _aES-MaACL
_jHem-1879
_zExpurgado marzo 2025; posterior a 1958; sin encuadernar; en acceso abierto
856 _uhttps://academic.oup.com/jrsssa/issue
_yOxford
866 0 _o1990-2004.
942 _2udc
_cPERIODICA
999 _c1332
_d1332